Celebrities With "N" Names by Picture - Statistics

General Stats
  • This quiz has been taken 110 times
  • The average score is 9 of 14
Answer Stats
Picture Answer % Correct
Neil Armstrong
90%
Natalie Portman
88%
Nicki Minaj
88%
Nelson Mandela
86%
Nicole Kidman
80%
Nicolas Cage
77%
Nick Jonas
76%
Neil Patrick Harris
63%
Nikola Tesla
63%
Nancy Reagan
48%
Neil Diamond
38%
Neil Young
31%
Naomi Watts
22%
Neal McDonough
3%
No matching quizzes found
Score Distribution
Percent of People with Each Score
Percentile by Number Answered
Your Score History
You have not taken this quiz